000 00466nam a2200193Ia 4500
008 151121s9999||||xx |||||||||||||| ||und||
082 _a823/Mau
082 _bHNW-495
100 _aMaurier D।D।
245 _aFrenhmans creeh
260 _b"Pocket Book , Inc। N। York"
260 _c--
300 _a263
600 _aMaurier D।D।
630 _aFrenhmans creeh
700 _aMaurier D।D।
730 _aFrenhmans creeh
942 _cBOOK
999 _c1209997
_d1209994